| 000 | 01562 a2200217 4500 | ||
|---|---|---|---|
| 003 | Nust | ||
| 005 | 20221102180706.0 | ||
| 010 | _a 87025974 | ||
| 020 | _a0070459215 (pbk.) | ||
| 040 | _cNust | ||
| 082 | 0 | 0 | _a621.3192,NAS |
| 100 | 1 |
_aNasar, S. A. _941147 |
|
| 245 | 1 | 0 |
_aSchaum's 3000 solved problems in electric circuits / _cSyed A. Nasar. _bBook 2, chapters 14-24 |
| 260 |
_aNew York : _bMcGraw-Hill, _cc1988. |
||
| 300 |
_av, 746 p. : _bill. ; _c28 cm. |
||
| 505 | _a Units And Basic Concepts (Page-1), Resistance And Ohm's Law (Page-6), Series And Parallel Resistive Circuits (Page-16), Kirchhoff's Laws (Page-43), Network Theorems (Page-72), Capacitors (Page-116), Inductors (Page-129), Ac Sources, Waveforms, And Circuit Relationships (Page-137), Complex Numbers And Pastors (Page-145), Ac Circuits Under Steady State (Page-152), Magnetically Coupled Circuits (Page-231), Resonance (Page-268), Frequency Response And Filters (Page-291), Three-Phase Circuits (Page-304), Transients In Dc Circuits (Page-351), Step, Ramp, And Impulse Functions (Page-423), Duals And Analogs (Page-432), Transients In Ac Circuits (Page- 441), Circuits With Multifrequency Inputs (Page- 450), Circuits With Nonsinusoidal Sources (Page-462), Laplace Transform Method (Page-491), State Variables Method (Page-579), Two-Port Networks (Page-594), Review Problems (Page-620). | ||
| 650 | 0 |
_aElectric circuits _xProblems, exercises, etc. _941425 |
|
| 740 | 0 | _aElectric circuits. | |
| 740 | 0 | _aSchaum's three thousand solved problems in electric circuits. | |
| 942 |
_2ddc _cBK |
||
| 999 |
_c180913 _d180913 |
||